000 02257cam a22006014i 4500
003 PE-LiUPU
005 20250731180112.0
008 171214s2011 sp 0 rb 000 0 spa d
020 _a
035 _a(Sirsi) a240510
040 _aPE-LiUPU
_bspa
_cPE-LiUPU
_erda
049 _aPRUA
082 0 4 _a570.15195
_bM86
_221
100 1 _aMormontoy Laurel, Wilfredo,
_eautor.
245 1 0 _aPrácticas de bioestadística descriptiva, probabilidades, muestreo e inferencia estadística /
_cWilfredo Mormontoy Laurel, María Cristina Medina Pflucker, Henry Nelson Mormontoy Calvo.
250 _aPrimera edición.
264 1 _aSan Vicente del Raspeig :
_bClub Universitario,
_c2011.
300 _a237 páginas ;
_c30 centímetros.
336 _atext
_2rdacontent
337 _aunmediated
_2rdamedia
338 _avolume
_2rdacarrier
504 _aBibliografía : páginas 237.
505 0 _aDefinición de términos estadisticos -- Clasificación y presentación de datos -- Medidas de resumen -- Probabilidades -- Pruebas de detección, teorema de Bayes y medición de riesgos -- Distribución binomial -- Distribución de poisson -- Distribución normal.
526 _aSEG44
526 _aSEG26
526 _aP159
526 _aP155
526 _aP154
526 _aP153
526 _aP150
526 _aP100
526 _aP31
526 _aP30
526 _aP26
526 _aP25
526 _aP24
526 _aP22
526 _aP15
526 _aP10
541 _g0006-002590;
650 1 8 _aBiometría
_x-Estudio y enseñanza.
650 0 4 _aEstadística matemática.
_91317
650 1 8 _aBiometrics Study
_xand teaching.
650 0 4 _aMathematical statistics.
700 1 _aMedina Pflucker, María Cristina,
_eautor.
700 1 _aMormontoy Calvo, Henry Nelson,
_eautor.
700 1 0 _aUniversidad de San Martín de Porres (Lima).
910 _adbm
_bksl
_cksl
_d20171214
942 _2ddc
_cBOOK
994 _aC0
_bPEPRU
596 _a1
999 _a570.15195 M86
_wLC
_c26179
_i77681
_d26179
_f2021-11-5
_g5
_lCCODEBUL1
_mBUL
_p15.52
_q3
_r0
_sY
_tBOOK
_u2017-12-14
_xBIBLIOTECA
_PP69
_0COMPRA
_o.STAFF. Colección Ciencias de la Salud
980 _81
_gALBERTO SANCHEZ Responsable de Automatización